Statistiques concernant Alphabet à l'envers en 15 secondes

Cliquez ici pour prendre le quiz!

Statistiques générales

  • Ce quiz a été pris 137 fois
  • Le résultat moyen est 14 sur 26

Statistiques - réponses

Lettres% Correct
Y
97%
Z
97%
X
94%
W
91%
U
84%
V
84%
T
81%
S
77%
R
69%
Q
63%
P
58%
O
53%
N
50%
M
48%
L
41%
K
38%
J
30%
F
25%
H
25%
I
25%
E
23%
G
23%
A
22%
D
20%
B
19%
C
19%

Distribution des résultats

Percentile par nombre de réponses

% des personnes avec chaque résultat

Votre développement - résultats

Vous n’avez pas pris ce quiz